| 000 | 00690nam a2200229 u 4500 | ||
|---|---|---|---|
| 005 | 20240802063713.0 | ||
| 008 | 120829s2006 r 000 0 eng d | ||
| 020 | _a9706417214 | ||
| 035 | _aUPN01000186382 | ||
| 049 | _aI | ||
| 050 | 4 |
_aPZ74.9 _bM3.54 |
|
| 100 | 1 |
_aMalpica Maury, Antonio, _d1967- _930238 |
|
| 245 | 1 | 0 |
_aMi abuelo es poeta / _cToño Malpica ; il. Héctor Rojas Valdivia. |
| 260 |
_aMéxico : _bProgreso, _c2006. |
||
| 300 |
_a[50] p. : _bprincipalmente il. col. |
||
| 440 | 0 | _aRehilete | |
| 650 | 4 |
_aLiteratura infantil mexicana _910209 |
|
| 650 | 0 |
_aAbuelos y nietos _911989 |
|
| 700 | 1 |
_aRojas Valdivia, Héctor, _eil. |
|
| 905 | _aInfantil | ||
| 999 |
_c158485 _d158485 |
||